Body, memory, and architecture / (Record no. 352177)

000 -LEADER
fixed length control field 00888 a2200265 4500
003 - CONTROL NUMBER IDENTIFIER
control field OSt
005 - DATE AND TIME OF LATEST TRANSACTION
control field 20180116192325.0
008 - FIXED-LENGTH DATA ELEMENTS--GENERAL INFORMATION
fixed length control field 120229t xxu||||| |||| 00| 0 eng d
010 ## - LIBRARY OF CONGRESS CONTROL NUMBER
LC control number 77076304
020 ## - INTERNATIONAL STANDARD BOOK NUMBER
International Standard Book Number 0300021399
020 ## - INTERNATIONAL STANDARD BOOK NUMBER
International Standard Book Number 0300021429 (pbk.)
040 ## - CATALOGING SOURCE
Transcribing agency 0
082 00 - DEWEY DECIMAL CLASSIFICATION NUMBER
Classification number 720
100 1# - MAIN ENTRY--PERSONAL NAME
Personal name Bloomer, Kent C.,
9 (RLIN) 250
245 10 - TITLE STATEMENT
Title Body, memory, and architecture /
Statement of responsibility, etc. Kent C. Bloomer and Charles W. Moore ; with a contribution by Robert Yudell.
260 ## - PUBLICATION, DISTRIBUTION, ETC.
Place of publication, distribution, etc. New Haven :
Name of publisher, distributor, etc. Yale University Press,
Date of publication, distribution, etc. 1977.
300 ## - PHYSICAL DESCRIPTION
Extent xii, 147 p. :
Other physical details ill. ;
Dimensions 21 x 26 cm
490 0# - SERIES STATEMENT
Series statement A Yale paperbound
500 ## - GENERAL NOTE
General note Includes index.
650 #0 - SUBJECT ADDED ENTRY--TOPICAL TERM
Topical term or geographic name entry element Architecture
General subdivision Human factors.
9 (RLIN) 251
650 #0 - SUBJECT ADDED ENTRY--TOPICAL TERM
Topical term or geographic name entry element Architectural design.
9 (RLIN) 252
700 1# - ADDED ENTRY--PERSONAL NAME
Personal name Moore, Charles Willard,
Dates associated with a name 1925-1993.
9 (RLIN) 253
942 ## - ADDED ENTRY ELEMENTS (KOHA)
Institution code [OBSOLETE] SADA
Koha item type Book
Call number prefix 720 BLO 1977
Source of classification or shelving scheme
Holdings
Withdrawn status Lost status Source of classification or shelving scheme Damaged status Not for loan Permanent Location Current Location Date acquired Total Checkouts Total Renewals Full call number Barcode Date last seen Date last checked out Cost, replacement price Price effective from Koha item type
          School of Art Design and Architecture (SADA) School of Art Design and Architecture (SADA) 09/28/2010 10 5 720 BLO 1977 SADA0000179 11/09/2015 10/29/2015 1553.00 08/05/2011 Book
© 2023 Central Library, National University of Sciences and Technology. All Rights Reserved.